MatheMatics Workshop, (Record no. 179756)

000 -LEADER
fixed length control field 01465 a2200169 4500
003 - CONTROL NUMBER IDENTIFIER
control field Nust
005 - DATE AND TIME OF LATEST TRANSACTION
control field 20221031125612.0
020 ## - INTERNATIONAL STANDARD BOOK NUMBER
International Standard Book Number 1556759088
040 ## - CATALOGING SOURCE
Transcribing agency Nust
082 ## - DEWEY DECIMAL CLASSIFICATION NUMBER
Classification number 510,GLO
245 ## - TITLE STATEMENT
Title MatheMatics Workshop,
Remainder of title Basic Skills 1 /
Statement of responsibility, etc. Teacher;s Edition
260 ## - PUBLICATION, DISTRIBUTION, ETC.
Place of publication, distribution, etc. New Jersy
Name of publisher, distributor, etc. Global Book
Date of publication, distribution, etc. 1989
300 ## - PHYSICAL DESCRIPTION
Extent 110:P
505 ## - FORMATTED CONTENTS NOTE
Formatted contents note Reading and writing whole numbers (Page-1), Reading and writing decimal(Page-3), Comparing and ordering whole numbers (Page-5), Comparing and ordering decimal (Page-7), Rounding whole numbers (Page-9), Rounding decimals (Page-11), Adding whole numbers and decimals (Page-13), Subtracting whole numbers and decimals(Page 15)Multiplying whole numbers and decimals with zeros (Page-17), Multiplying by powers and multiples of 10 (Page-19), Multiplying by a 1 digit numbers (Page-21), Multiplying by 2 and three digit multiplyers (<br/>Page-23), Multiplying decimals by decimals (Page-29), Dividing by 1 digit divisors (Page-31), Dividing by powers and multiples by 10 (Page-33), Order of operations (Page-39), Measuring length with metric units (Page-51), Measuring capacity (Page-55), Multiplying fractions (Page-67), Adding fractions with unlike denominators (Page-81), Subtracting mixed numbers (Page-89), Customary units of weight (Page-95), Measuring time (Page-101), Reading double bar graphs (Page-105), Constructing and using pictographs (Page-109).
650 ## - SUBJECT ADDED ENTRY--TOPICAL TERM
Topical term or geographic name entry element MatheMatics Workshop
9 (RLIN) 101972
942 ## - ADDED ENTRY ELEMENTS (KOHA)
Source of classification or shelving scheme
Koha item type Book
Call number prefix 510,GLO
Holdings
Withdrawn status Lost status Source of classification or shelving scheme Damaged status Not for loan Permanent Location Current Location Shelving location Date acquired Full call number Barcode Date last seen Price effective from Koha item type Public note
          Military College of Signals (MCS) Military College of Signals (MCS) General Stacks 12/12/2016 510,GLO MCS27213 12/08/2016 12/12/2016 Book Bank Almirah No. A/135, Shelf No.5
© 2023 Central Library, National University of Sciences and Technology. All Rights Reserved.